000 00935nam a22002417a 4500
005 20240530110515.0
008 160119s2013 lu a g b 001 0 ara d
020 _a9789953826035
040 _aEG-CaGPL
082 0 4 _221
_a956.903\
_bإ ص
100 0 _aابراهيم الدقاق .
245 1 2 _aالصراع الفلسطينى - الاسرائيلى :
_bمراجعة نقدية و رؤية مستقبلية /
_cابراهيم الدقاق .
250 _aط1.
260 _aبيروت :
_bمركز دراسات الوحدة العربية ،
_c2013 .
300 _a399 ص ؛
_c24 سم .
490 0 _aوقفية عبدالمحسن القطان للقضية الفلسطينية
504 _aببليوجرافية : ص 373 - 385
650 0 4 _aالقضية الفلسطينية .
650 0 4 _aاليهودية .
650 0 4 _aالنزاع العربى الاسرائيلى .
942 _2ddc
_cBK
999 _c61773
_d61773